Epigrafía romana de la Ciudad de Astorga (Record no. 95805)

MARC details
000 -LEADER
campo de control de longitud fija 00593nam a2200157 i 4500
001 - NÚMERO DE CONTROL
campo de control 95805
003 - IDENTIFICADOR DE NÚMERO DE CONTROL
campo de control ES-MaACL
005 - FECHA Y HORA DE LA ÚLTIMA TRANSACCIÓN
campo de control 20230906181756.0
007 - CAMPO FIJO DE DESCRIPCIÓN FÍSICA--INFORMACIÓN GENERAL
campo de control de longitud fija t|
008 - DATOS DE LONGITUD FIJA--INFORMACIÓN GENERAL
campo de control de longitud fija 050606s1903 sp ||||1| spa d
100 1# - ENTRADA PRINCIPAL--NOMBRE DE PERSONA
Nombre de persona Macías y García, Marcelo.
9 (RLIN) 75226
245 10 - MENCIÓN DEL TÍTULO
Título Epigrafía romana de la Ciudad de Astorga
Resto del título : precedida por una reseña histórica de la antigua "Astúrica augusta" y seguida de interesantes apéndices e índices completísimos /
Mención de responsabilidad, etc. por el Dr. Marcelo Macías y García.
260 ## - PUBLICACIÓN, DISTRIBUCIÓN, ETC.
Lugar de publicación, distribución, etc. Orense :
Nombre del editor, distribuidor, etc. Otero,
Fecha de publicación, distribución, etc. 1903.
300 ## - DESCRIPCIÓN FÍSICA
Extensión XIX, 196 p. ;
Dimensiones 21 cm.
852 ## - LOCALIZACIÓN
Ubicación ES-MaACL
Número de control de estantería G-452
Holdings
Estatus retirado Estado de pérdida Estado de daño No para préstamo Biblioteca de origen Biblioteca actual Ubicación en estantería Fecha de adquisición Fuente de adquisición Total de préstamos Signatura topográfica completa Código de barras Visto por última vez Precio de reemplazo Tipo de ítem Koha
        Biblioteca del Ateneo de Madrid Biblioteca del Ateneo de Madrid Depósito 2 17/01/2008     G-452 1100036 23/02/2023 23/02/2023 Libro impreso